Disney/Pixar by Villain - Statistics

General Stats
  • This quiz has been taken 42 times
  • The average score is 50 of 168
Answer Stats
Villain Movie % Correct
Prince Hans Frozen
88%
Evanora Oz The Great And Powerful
88%
Mother Gothel Tangled
78%
Charles Muntz Up
75%
Johnny Worthington III Monsters University
72%
Shan Yu Mulan
72%
Sid Toy Story
72%
Mor'du Brave
66%
Lady Tremaine Cinderella
66%
Captain Hook Peter Pan
66%
The Evil Queen Snow White And The Seven Dwarfs
66%
Ursula The Little Mermaid
66%
Dr Facilier The Princess And The Frog
66%
The Prospector Toy Story 2
66%
Queen of Hearts Alice In Wonderland
63%
Gaston Beauty And The Beast
63%
Chick Hicks Cars
63%
Henry J Waternoose III Monsters, Inc
63%
Maleficent Sleeping Beauty
63%
Scar The Lion King
63%
Lots-o'-Huggin' Bear Toy Story 3
63%
Jafar Aladdin
59%
Tamatoa Moana
59%
Syndrome The Incredibles
59%
Gabby Gabby Toy Story 4
59%
AUTO WALL-E
59%
Turbo Wreck-It Ralph
59%
Governor Ratcliffe Pocahontas
56%
Sheriff of Nottingham Robin Hood
56%
The Horned King The Black Cauldron
56%
Cruella de Vil 101 Dalmatians
53%
Sir Miles Axelrod Cars 2
53%
Hades Hercules
53%
Screenslaver Incredibles 2
53%
Judge Claude Frollo The Hunchback Of Notre Dame
53%
Shere Khan The Jungle Book
53%
Hopper A Bug's Life
50%
Jackson Storm Cars 3
50%
The Ringmaster Dumbo
50%
Alma Madrigal Encanto
50%
Barracuda Finding Nemo
50%
Edgar The Aristocats
50%
Yzma The Emperor's New Groove
50%
Chernabog Fantasia
47%
King Magnifico Wish
47%
Rourke Atlantis: The Lost Empire
44%
Man Bambi
44%
Ernesto de la Cruz Coco
44%
Captain Gantu Lilo & Stitch
44%
Clayton Tarzan
44%
Professor Ratigan The Great Mouse Detective
44%
Madam Mim The Sword In The Stone
44%
Dawn Bellwether Zootopia
44%
Zurg Lightyear
41%
Stromboli Pinocchio
41%
Chef Skinner Ratatouille
41%
The White Witch The Chronicles Of Narnia: The Lion, The Witch And The Wardrobe
41%
Madame Medusa The Rescuers
41%
The Baroness Cruella
38%
King Runeard Frozen II
38%
Nalo Moana 2
38%
Yokai Big Hero 6
34%
Foxy Loxy Chicken Little
34%
Queen Narissa Enchanted
34%
Bill Sykes Oliver & Company
34%
Arthur the Insecurity Virus Ralph Breaks The Internet
34%
Amos Slade The Fox And The Hound
34%
Dr Calico Bolt
31%
King Stefan Maleficent
31%
DOR-15 Meet The Robinsons
31%
Long John Silver Muppet Treasure Island
31%
Curse Dragon Onward
31%
Druun Raya And The Last Dragon
31%
Vidia Tinker Bell
31%
John Silver Treasure Planet
31%
The Firebird Fantasia 2000
28%
Winifred Sanderson Hocus Pocus
28%
Alameda Slim Home On The Range
28%
Spiker and Sponge James And The Giant Peach
28%
Terry Soul
28%
Percival C McLeach The Rescuers Down Under
28%
Denahi Brother Bear
25%
Kron Dinosaur
25%
Buster Lady And The Tramp
25%
Ercole Visconti Luca
25%
Captain Barbossa Pirates Of The Caribbean: The Curse Of The Black Pearl
25%
Sugarplum The Nutcracker And The Four Realms
25%
Lord Grigon Elio
22%
Queen Ingrith Maleficent: Mistress Of Evil
22%
George Banks Mary Poppins
22%
Dr Terminus Pete's Dragon
22%
Ripslinger Planes
22%
Thunderclap The Good Dinosaur
22%
Ebenezer Scrooge The Muppet Christmas Carol
22%
The Master Control Program Tron
22%
Stacey Hinkhouse Freaky Friday
19%
Kiros Mufasa: The Lion King
19%
Davy Jones Pirates Of The Caribbean: Dead Man's Chest
19%
Br'er Fox Song Of The South
19%
Reapers Strange World
19%
Tex Richman The Muppets
19%
Meredith Blake The Parent Trap
19%
Principal Mazur A Goofy Movie
16%
Giles Winslow Jr Christopher Robin
16%
Hatbox Ghost Haunted Mansion
16%
Dr Claw Inspector Gadget
16%
Lope de Aguirre Jungle Cruise
16%
Cad Spinner Planes: Fire & Rescue
16%
Miraz The Chronicles Of Narnia: Prince Caspian
16%
Butch Cavendish The Lone Ranger
16%
Cardinal Richelieu The Three Musketeers
16%
Ming Lee Turning Red
16%
Sweet Pete Chip 'n Dale: Rescue Rangers
13%
Speckles G-Force
13%
Warden Lou Walker Holes
13%
Mountain Lion Homeward Bound: The Incredible Journey
13%
The Scorpion Honey, I Shrunk The Kids
13%
The Witch Into The Woods
13%
William Weatherall Wilkins Mary Poppins Returns
13%
Constantine Muppets Most Wanted
13%
Ian Howe National Treasure
13%
Captain Salazar Pirates Of The Caribbean: Dead Men Tell No Tales
13%
Giants The BFG
13%
Orson The Ice Adventures Of Buck Wild
13%
Lana Thomas The Princess Diaries
13%
Rinzler Tron: Legacy
13%
Time Alice Through The Looking Glass
9%
IT A Wrinkle In Time
9%
Malvina Monroe Disenchanted
9%
Vermithrax Pejorative Dragonslayer
9%
Merlock the Magician DuckTales The Movie: Treasure Of The Lost Lamp
9%
Shelley Frankenweenie
9%
Borg Guillarson Iron Will
9%
Mitch Wilkinson National Treasure: Book Of Secrets
9%
Lord Cutler Beckett Pirates Of The Caribbean: At World's End
9%
Blackbeard Pirates Of The Caribbean: On Stranger Tides
9%
Nome King Return To Oz
9%
The King & The Duke The Adventures Of Huck Finn
9%
Morgana The Little Mermaid II: Return To The Sea
9%
Zarina The Pirate Fairy
9%
King Leonidas Bedknobs And Broomsticks
6%
Kendall Duncan Bedtime Stories
6%
Lyle Van de Groot George Of The Jungle
6%
Matai Shang John Carter
6%
The Supervisor Mars Needs Moms
6%
Bluto Popeye
6%
Dr Phillium Benedict Recess: School's Out
6%
Thunder Jack Snow Dogs
6%
Ramsley The Haunted Mansion
6%
Kazar The Wild
6%
David Nix Tomorrowland: A World Beyond
6%
Simon Bar Sinister Underdog
6%
Opal Koboi Artemis Fowl
3%
Silky Seymour Blackbeard's Ghost
3%
Wilson Croft Flubber
3%
Jack and Ralph Homeward Bound II: Lost In San Francisco
3%
Andrei Strasser Mighty Joe Young
3%
Luanne LeSeur Mr Magoo
3%
Henry Burke Race To Witch Mountain
3%
Captain Bill Fawcett The Pacifier
3%
Horvath The Sorcerer's Apprentice
3%
Beauty Smith White Fang
3%
Reverend Leland Drury White Fang 2: Myth Of The White Wolf
3%
Dr Elliot Coleye My Favorite Martian
0%
Nizam Prince Of Persia: The Sands Of Time
0%
Royal Pain Sky High
0%
Viscount Mabrey The Princess Diaries 2: Royal Engagement
0%
Neville Sinclair The Rocketeer
0%
No matching quizzes found
Score Distribution
Percent of People with Each Score
Percentile by Number Answered
Your Score History
You have not taken this quiz